000 00712cam a2200253 a 4500
001 15950834
005 20180306070650.0
008 091019s2010 maua 000 0 eng
010 _a 2009939557
020 _a9780312538620 (pbk.)
020 _a0312538626 (pbk.)
020 _a9780312596132 (instructor's ed.)
020 _a0312596138 (instructor's ed.)
040 _aDLC
_cDLC
_dDLC
041 _aeng
080 _a37 LUN
082 _a37 LUN
100 1 _a25
101 _aEDU
245 1 0 _aEverything's an argument /
_cAndrea A. Lunsford, John J. Ruszkiewicz.
906 _a7
_bcbc
_corignew
_d2
_eepcn
_f20
_gy-gencatlg
942 _2ddc
_cBK
999 _c44170
_d44170